Szata graficzna gazety

Titel: Szata graficzna gazety / Wiktor Frantz
Verfasser:
Ausgabe: Wyd. 1
Veröffentlicht: Kraków : Ośrodek Badań Prasoznawczych RSW "Prasa", 1966
Umfang: 115 S. : Ill.
Format: Buch
Sprache: Polnisch
Schriftenreihe/
mehrbändiges Werk:
Biblioteka wiedzy o prasie. Seria B ; 8
Kein Bild verfügbar
X
Lokale Klassifikation: 32 9 F ; 32 15 J
alg: 18847705
001A    $03004:06-07-07 
001B    $01999:03-06-23 $t02:15:04.000 
001D    $03004:06-07-07 
001U    $0utf8 
001X    $00 
002@    $0Aar 
003@    $0188477055 
003O    $069454187 $aOCoLC 
007A    $0188477055 $aHEB 
007T    $0Herdhh188477055 
010@    $apol 
011@    $a1966 
021A    $aSzata graficzna gazety $hWiktor Frantz 
028A    $7 $8Frantz, Wiktor [Tnd] $9139037802 
032@    $aWyd. 1 
033A    $pKraków $nOśrodek Badań Prasoznawczych RSW "Prasa" 
034D    $a115 S. 
034M    $aIll. 
036E    $a@Biblioteka wiedzy o prasie. @Seria B $l8 
036F    $x18 $8Biblioteka wiedzy o prasie. Seria B $9032919603 $l8 
045F    $a709.438 $eDDC23BSB 
045F/01 $a709 
045F/03 $g438 
045G    $a070.9 $eDDC23BSB 
045G/01 $a070.9 
045G/03 $g438 

lok: 18847705 24
101B    $006-07-07 $t13:40:57.000 
101C    $006-07-07 
101U    $0utf8 
145Z/01 $a32 9 F 
145Z/02 $a32 15 J 

exp: 18847705 24 1 #EPN
201B/01 $006-07-07 $t13:40:57.000 
201C/01 $006-07-07 
201U/01 $0utf8 
203@/01 $0506173275 
208@/01 $a06-07-07 $br 
209A/01 $a32 IX F 31 $du $f050 $h32 9 F 31 $x00 
209C/01 $a3305 K 67 $h67 3305 K 
209G/01 $a71853667 $x00 
220C/01 $aneu 
247C/01 $8358050-7 Marburg, Bibliothek des Herder-Instituts Marburg $9102600961 

lok: 18847705 78

exp: 18847705 78 1 #EPN
201B/01 $019-04-17 $t20:54:26.000 
201U/01 $0utf8 
203@/01 $0793219248 
208@/01 $a12-11-16 $be 
209A/01 $a/ $f000 $x00 
237A/01 $aweiterführende Signatur(en): Herder-Institut: 32 IX F 31 
244Z/01 $2Trx $#Poola $#Lenkija $#Polija $#Polen Land $#Poland $#Lengyelország $#Poľsko $#Polsko $8--Trx--Polska$gkraj $x01 $9391345966 
244Z/01 $2Trx $8--Trx--Monographie $x02 $9391384546 
245Z/01 $a11.10 $x01 
247C/01 $82080>Marburg/Lahn, Herder-Institut, Forschungsbibliothek, Bibliographieportal $9336309341
LEADER 00000cam a22000002c 4500
001 188477055
003 DE-603
005 20230603021504.0
007 tu
008 070706s1966 xx |||| | u00||u|pol c
035 |a (DE-599)HEB188477055 
035 |a (OCoLC)69454187 
040 |a DE-603  |b ger  |c DE-603  |d DE-603 
041 |a pol 
082 0 4 |8 1\u  |a 709.438  |q DE-101  |2 23/BSB 
083 0 |8 2\u  |a 070.9  |q DE-101  |2 23/BSB 
085 |8 1\u  |b 709 
085 |8 1\u  |z 2  |s 438 
085 |8 2\u  |b 070.9 
085 |8 2\u  |z 2  |s 438 
100 1 |a Frantz, Wiktor  |0 (DE-603)139037802 
245 0 0 |a Szata graficzna gazety  |c Wiktor Frantz 
250 |a Wyd. 1 
264 1 |a Kraków  |b Ośrodek Badań Prasoznawczych RSW "Prasa"  |c 1966 
300 |a 115 S.  |b Ill. 
490 1 |a Biblioteka wiedzy o prasie. Seria B  |v 8 
830 0 |t Biblioteka wiedzy o prasie  |n Seria B  |v 8  |w (DE-603)032919603  |w (DE-600)1115452-4  |9 18  |7 as 
924 0 |9 Mb 50  |a (DE-603)506173275  |b DE-Mb50  |c HES  |d c  |g 32 IX F 31 
924 0 |9 2080  |a (DE-603)793219248  |b DE-2080  |c HES  |d d  |g /